Statistiche per Maggiori produttori di vino

Clicka qui per fare il quiz!

Statistiche generali

  • Questo quiz è stato fatto 1.488 volte
  • Il punteggio medio è 15 su 20

Statistiche sulle risposte

ProduzionePaese% Corretto
4,107,370Italia
100%
4,293,466Francia
99%
3,200,000Spagna
96%
3,217,000Stati Uniti
95%
840,900Germania
90%
630,800Portogallo
88%
1,700,000Cina
86%
1,498,400Argentina
85%
311,530Grecia
84%
273,100Brasile
83%
1,231,000Australia
81%
573,200Russia
81%
1,832,000Cile
73%
239,195Austria
70%
248,400Nuova Zelanda
62%
1,097,200Sudafrica
57%
261,800Ungheria
50%
168,247Ucraina
50%
130,500Bulgaria
49%
230,580Serbia
46%

Distribuzione punteggi

Percentile per numero di risposta

Percentuale di utenti per punteggio

I tuoi punteggi nel tempo

Non hai fatto questo quiz